Statystyki dla Miasta nad Odrą

Kliknij tutaj aby rozwiązać quiz!

Ogólne statystyki

  • Ten quiz został rozwiązany 65 razy
    (44 od ostatniego zresetowania)
  • Średni wynik to 8 z 27

Statystyki odpowiedzi

KrajLudnośćMiasto% Poprawnych
Polska642 869Wrocław
95%
Polska401 907Szczecin
83%
Polska128 035Opole
68%
Czechy293 531Ostrawa
53%
Polska36 110Brzeg
43%
Polska16 644Słubice
43%
Niemcy57 873Frankfurt nad Odrą
38%
Polska66 980Głogów
38%
Polska17 730Kostrzyn nad Odrą
38%
Polska33 108Oława
35%
Polska60 852Kędzierzyn-Koźle
33%
Polska33 152Police
33%
Polska38 645Nowa Sól
30%
Polska54 778Racibórz
25%
Polska11 238Krosno Odrzańskie
23%
Polska12 506Brzeg Dolny
20%
Polska4308Bytom Odrzański
18%
Polska21 393Gryfino
18%
Polska5530Ścinawa
18%
Polska16 721Krapkowice
13%
Czechy7 224Odry
10%
Niemcy25 057Eisenhüttenstadt
8%
Niemcy2472Gartz
8%
Polska15 745Jelcz-Laskowice
8%
Niemcy3146Lubusz
8%
Czechy20 716Bogumin
5%
Polska11 455Zdzieszowice
5%

Rozkład punktacji

Percentyl według liczby udzielonych odpowiedzi

Procent ludzi z każdym wynikiem

Twoja historia wyników

Nie rozwiązałeś tego quizu od ostatniego zresetowania